000 00922nam a2200193 i 4500
001 129096
003 ES-MaACL
005 20250729001317.0
007 t|
008 070605m19561957sp ||||1| spa d
245 0 0 _aTecnologia industrial /
_cversión española de Vicente López Navarro.
260 _aMadrid :
_bAguilar,
_c1956-1957.
300 _a7 v. :
_bil. ;
_c21 cm.
505 8 _aContiene: v.I.-- Instrumentos de medida, verificación y tratado. v.II.-- Utiles de fijación, taladro, roscado y acabado. v.III.-- Máquinas, herramientas y montaje. v.IV.-- Materiales metálicos y no metálicos. v.V.-- Trabajo de los metales. Ensayo, protección y soldadura. v. VI.-- Normalización. v.VII.-- Organos de transmisión, protección contra los accidentes.
650 0 7 _aTecnología
_2embne
_917398
700 1 _aLópez Navarro, Vicente.
_973824
852 _aES-MaACL
_jP-730
_bR.40257
999 _c129096
_d129096